000 00593nam a2200205 a 4500
001 000021945
005 20200930011520.0
008 100915s1999 dr 000 0 spa d
020 _a8484003051
040 _aDO-SdBNP
_bspa
_cBNPHU
082 _a970.3
_bP438h
100 1 _aPérez Guerra, Rafael
_945531
245 1 0 _aHistoria de los taínos modernos /
_cRafael Pérez Guerra.
260 _aSanto Domingo :
_bTaller,
_c1999.
300 _a270 p. ;
_c23 cm.
504 _aBibliografías : p. 263-268
650 4 _aTainos
_91856
650 4 _aIndios de santo domingo
_945532
049 _aBNPD
999 _c21443
_d21443